| 000 | 00720nam a22002417a 4500 | ||
|---|---|---|---|
| 005 | 20170124110020.0 | ||
| 010 | _aA-933516 | ||
| 020 |
_c75.00 _a8120312120 |
||
| 035 | _aA-933516 | ||
| 037 | _bCen Lib/Ret | ||
| 040 |
_aDPL _bEN |
||
| 082 |
_a658 _bWIL |
||
| 100 |
_aWilliams, Hank _919592 |
||
| 245 |
_aThe essence of managing groups and teams / _cby Hank Williams |
||
| 246 | _b | ||
| 260 |
_aNew Delhi _bPrentice-Hall of India _c1996 |
||
| 270 |
_aM-97, Connaught Circus _bNew Delhi _e110001 |
||
| 300 |
_avii,251p. : _c22cm(Hb) _bill |
||
| 500 | _aIncludes index | ||
| 650 |
_aSupervision of employees _919593 |
||
| 650 |
_aTeams in the workplace _919594 |
||
| 942 |
_2ddc _cEN _h658 _mWIL |
||
| 999 |
_c127160 _d127160 |
||